000 00679nam a2200193 i 4500
001 59383
003 ES-MaACL
005 20230906164024.0
007 t|
008 031028s1903 sp ||||1| spa d
100 1 _aElola, José de (
_d1859-1933)
_947068
245 1 0 _aPlanimetría de precisión o estudios topográficos de análisis planimétrico /
_cpor José de Elola y Gutiérrez.
260 _aMadrid :
_b[s.n.],
_c1903 (
_fEstab. Tip. "Sucesores de Rivadeneyra")
300 _a3 v. (682, 714 p., 52 h. de lám.) :
_bil. ;
_c26 cm.
500 _aEl vol.3 es un atlas.
650 4 _aTopografía.
_9136936
650 4 _aPlanímetros.
_9157006
852 _aES-MaACL
_jA-854-56
999 _c59383
_d59383